Small and medium-sized enterprises participation in FP7 projects in the biotechnologies activity
Salvato in:
| Ente Autore: | |
|---|---|
| Natura: | Libro |
| Lingua: | inglese |
| Pubblicazione: |
Luxembourg
Publications Office of the European Union
2014
|
| Serie: | Research and innovation
|
| Soggetti: | |
| Tags: |
Nessun Tag, puoi essere il primo ad aggiungerne!!
|
MARC
| LEADER | 00000nam a2200000 4500 | ||
|---|---|---|---|
| 001 | 0188963 | ||
| 005 | 20240318114652.6 | ||
| 020 | |a 978-92-79-26515-0 | ||
| 022 | |a 1018-5593 | ||
| 041 | 0 | |a eng | |
| 044 | |a LU | ||
| 245 | 1 | 0 | |a Small and medium-sized enterprises |b participation in FP7 projects in the biotechnologies activity |
| 264 | 1 | |a Luxembourg |b Publications Office of the European Union |c 2014 | |
| 300 | |a 59 s. | ||
| 490 | 1 | |a Research and innovation | |
| 830 | 0 | |a Research and innovation | |
| 610 | 2 | 0 | |a biotechnológia |
| 610 | 2 | 0 | |a podnik malý |
| 610 | 2 | 0 | |a podnik stredný |
| 610 | 2 | 0 | |a podnikanie malé |
| 610 | 2 | 0 | |a podnikanie stredné |
| 710 | 2 | |a European Commission | |